00455 a2200097 4500001001000000005001700010008004100027245011800068100001900186773015200205ART_3913820260410161934.0260409a 10aEl directivo generador de oportunidades en un contexto de incertidumbre. La importancia de un proceso entrepeneur1 aMierke, Aldana0 tBoletin del Consejo Profesional de Ciencias Económicas de la Provincia de Santa Fe (camara segunda)g- Año XXVII, Nº 326 (jun. 2016)wREV25058